[Event "Match \"]
[Site "masterchessopen.com Belgrade (Yugoslavia)"]
[Round "0"]
[White "Averbakh Yuri L (RUS)"]
[Black "Gligoric Svetozar (SRB)"]
[Result "1/2-1/2"]
[WhiteElo "2445"]
[BlackElo "2447"]

1.c4 Nf6 2.Nc3 g6 3.g3 Bg7 4.Bg2 O-O 5.d4 d6 6.Nf3 c5 7.O-O Nc6 8.d5 Na5 9.Nd2
a6 10.Qc2 b5 11.cxb5 axb5 12.Nxb5 Ba6 13.Nc3 Qc7 14.b3 Rab8 15.Rb1 Rb7 16.Re1
Rfb8 17.Ba3 Nd7 18.Nde4 Ra7 19.Na4 Nf6 20.Nxf6+ Bxf6 21.Bb2 Bxb2 22.Rxb2 Rab7
23.Reb1 Qd8 24.Nc3 Qf8 25.Nd1 Qg7 {#d} 1/2-1/2

[Event "Match \"]
[Site "masterchessopen.com Belgrade (Yugoslavia)"]
[Round "0"]
[White "Petrosian Tigran V (ARM)"]
[Black "Gligoric Svetozar (SRB)"]
[Result "0-1"]
[WhiteElo "2580"]
[BlackElo "2447"]

1.d4 Nf6 2.c4 g6 3.g3 Bg7 4.Bg2 O-O 5.Nc3 d6 6.Nf3 c5 7.O-O Nc6 8.d5 Na5 9.Nd2
e6 10.Qc2 exd5 11.cxd5 Rb8 12.b3 b5 13.Bb2 Re8 14.Rfe1 Bf5 15.e4 Bd7 16.a4 b4
17.Nb5 Bxb5 18.axb5 Rxb5 19.Bf1 Rb8 20.Ra4 Nb7 21.Qd1 a5 22.Qa1 c4 23.Nxc4 Nc5
24.Rxa5 Nfxe4 25.Bxg7 Nd2 26.Bh6 Rxe1 {#R} 0-1

[Event "It"]
[Site "masterchessopen.com Marianske Lazne (Czech Republic)"]
[Round "14"]
[White "Szabo Laszlo (HUN)"]
[Black "Fabian Jaroslav (SVK)"]
[Result "1-0"]
[WhiteElo "1903"]
[BlackElo "2192"]

1.Nf3 Nf6 2.g3 g6 3.c4 Bg7 4.d4 O-O 5.Bg2 d6 6.O-O c5 7.Nc3 Nc6 8.d5 Ne5 9.Nd2
Ned7 10.Qc2 e5 11.dxe6 fxe6 12.Nde4 d5 13.cxd5 exd5 14.Nxf6+ Nxf6 15.Bg5 Be6
16.Nxd5 Bxd5 17.Rad1 Qb6 18.Bxd5+ Nxd5 19.Rxd5 Bxb2 20.Rxc5 Bg7 21.Rc7 Rae8
22.Be3 {#r} 1-0

[Event "It"]
[Site "masterchessopen.com Dortmund (Germany)"]
[Round "0"]
[White "Smyslov Vassily (RUS)"]
[Black "Udovcic Mijo (YUG)"]
[Result "1/2-1/2"]
[WhiteElo "2494"]
[BlackElo "2460"]

1.d4 Nf6 2.c4 g6 3.g3 Bg7 4.Bg2 d6 5.Nf3 O-O 6.O-O c5 7.Nc3 Nc6 8.d5 Na5 9.Nd2
a6 10.Qc2 Rb8 11.b3 b5 12.Bb2 bxc4 13.bxc4 Bd7 14.Rab1 Qc7 15.Ba1 Rb4 16.a3
Rxb1 {#d} 1/2-1/2

[Event "Ch Yugoslavia"]
[Site "masterchessopen.com Kraljevo (Yugoslavia)"]
[Round "15"]
[White "Vukic Milan (BIH)"]
[Black "Bertok Mario (CRO)"]
[Result "1/2-1/2"]
[WhiteElo "2411"]
[BlackElo "2282"]

1.d4 Nf6 2.c4 g6 3.Nf3 Bg7 4.g3 O-O 5.Bg2 d6 6.O-O c5 7.Nc3 Nc6 8.d5 Na5 9.Nd2
e5 10.a3 b6 11.b4 Nb7 12.Rb1 Ne8 {#d} 1/2-1/2

[Event "It"]
[Site "masterchessopen.com Vinkovci (Croatia)"]
[Round "2"]
[White "Gheorghiu Florin (ROM)"]
[Black "Hort Vlastimil (GER)"]
[Result "1/2-1/2"]
[WhiteElo "2383"]
[BlackElo "2466"]

1.Nf3 Nf6 2.c4 c5 3.g3 Nc6 4.Bg2 g6 5.O-O Bg7 6.Nc3 O-O 7.d4 d6 8.d5 Na5 9.Nd2
a6 10.Qc2 e6 11.dxe6 Bxe6 12.b3 d5 13.cxd5 Nxd5 14.Bb2 Nc6 15.Nxd5 Bxb2
16.Qxb2 Bxd5 {#d} 1/2-1/2

[Event "It \"]
[Site "masterchessopen.com Amsterdam (Netherlands)"]
[Round "0"]
[White "Hartoch Robert G (NED)"]
[Black "Byrne Robert E (USA)"]
[Result "1/2-1/2"]
[WhiteElo "2198"]
[BlackElo "2434"]

1.c4 g6 2.g3 Bg7 3.Bg2 Nf6 4.Nc3 O-O 5.d4 d6 6.Nf3 c5 7.O-O Nc6 8.d5 Na5 9.Nd2
a6 10.Qc2 Rb8 11.b3 b5 12.Bb2 e5 13.Rab1 Bd7 14.e3 Ng4 15.Nd1 f5 16.f3 Nf6
17.f4 e4 18.Nf2 h5 19.h4 Qe7 20.Rfe1 Rb6 21.Bc3 Nb7 22.Bf1 {#d} 1/2-1/2

[Event "It"]
[Site "masterchessopen.com Bari (Italy)"]
[Round "10"]
[White "Unzicker Wolfgang (GER)"]
[Black "Bertok Mario (CRO)"]
[Result "1/2-1/2"]
[WhiteElo "2433"]
[BlackElo "2282"]

1.Nf3 Nf6 2.c4 g6 3.g3 Bg7 4.Bg2 O-O 5.O-O c5 6.Nc3 Nc6 7.d4 d6 8.d5 Na5 9.Nd2
e5 10.b3 Ne8 11.Bb2 f5 12.e3 Bd7 13.Qc2 b6 14.Ne2 Nf6 15.Rae1 g5 16.f4 gxf4
17.gxf4 e4 18.Ng3 Ng4 19.Bh3 Qh4 20.Bxg4 Qxg4 21.Kh1 Bxb2 22.Qxb2 Qg7 23.Qc2
Qh6 24.Rg1 Kf7 {#d} 1/2-1/2

[Event "Ch Bulgaria"]
[Site "masterchessopen.com Sofia (Bulgaria)"]
[Date "1971.02.15"]
[Round "13"]
[White "Kirov Nino (BUL)"]
[Black "Bohosjan Sarkis (BUL)"]
[Result "1/2-1/2"]
[WhiteElo "2450"]
[BlackElo "2410"]

1.d4 Nf6 2.Nf3 g6 3.c4 Bg7 4.Nc3 O-O 5.g3 c5 6.Bg2 Nc6 7.O-O d6 8.d5 Na5 9.Nd2
e6 10.Qc2 exd5 11.cxd5 a6 12.b3 Re8 13.Bb2 b5 14.Nde4 Bf5 {#d} 1/2-1/2

[Event "Ch Europe (juniors) (under 20) (final C)"]
[Site "masterchessopen.com Groningen (Netherlands)"]
[Round "2"]
[White "Ornstein Axel (SWE)"]
[Black "Stefansson Torfi (ISL)"]
[Result "1-0"]
[WhiteElo "2413"]
[BlackElo "2093"]

1.c4 Nf6 2.Nc3 c5 3.Nf3 g6 4.g3 Bg7 5.Bg2 Nc6 6.O-O O-O 7.d4 d6 8.d5 Na5 9.Nd2
e5 10.b3 Ng4 11.e4 f5 12.exf5 gxf5 13.Bb2 Bd7 14.Qe2 Qe8 15.Rae1 Qg6 16.Nd1 f4
17.Be4 Qh5 18.f3 Nf6 19.Bd3 Bh3 20.Rf2 Qg5 21.Kh1 fxg3 22.hxg3 Qxg3 23.Rh2 Bd7
24.Nf2 Qf4 25.Bc1 {#r} 1-0

[Event "It"]
[Site "masterchessopen.com Las Palmas (Spain)"]
[Round "0"]
[White "Stein Leonid Z (UKR)"]
[Black "Kavalek Lubomir (USA)"]
[Result "1/2-1/2"]
[WhiteElo "2620"]
[BlackElo "2565"]

1.c4 g6 2.Nc3 Bg7 3.g3 Nf6 4.Bg2 d6 5.Nf3 c5 6.O-O O-O 7.d4 Nc6 8.d5 Na5 9.Nd2
e5 10.a3 b6 11.b4 Nb7 12.e4 h5 13.Nf3 Bg4 14.Be3 Nh7 15.Qd3 f5 16.Bd2 f4 17.h3
Bd7 18.h4 Bg4 {#d} 1/2-1/2

[Event "It"]
[Site "masterchessopen.com Stary Smokovec (Slovakia)"]
[Round "7"]
[White "Vogt Lothar (GER)"]
[Black "Vadasz Laszlo (HUN)"]
[Result "1/2-1/2"]
[WhiteElo "2410"]
[BlackElo "2271"]

1.Nf3 Nf6 2.g3 g6 3.Bg2 Bg7 4.O-O O-O 5.d4 d6 6.c4 c5 7.Nc3 Nc6 8.d5 Na5 9.Nd2
a6 10.Qc2 Rb8 11.b3 b5 12.Bb2 Bh6 13.Ncb1 Bg7 14.Bc3 e5 15.e4 {#d} 1/2-1/2

[Event "Ch Bulgaria"]
[Site "masterchessopen.com Sofia (Bulgaria)"]
[Date "1973.02.05"]
[Round "5"]
[White "Ermenkov Evgenij (PLE)"]
[Black "Prodanov Dimitar (BUL)"]
[Result "1/2-1/2"]
[WhiteElo "2425"]
[BlackElo "2325"]

1.Nf3 Nf6 2.c4 g6 3.Nc3 Bg7 4.g3 O-O 5.Bg2 d6 6.d4 c5 7.O-O Nc6 8.d5 Na5 9.Nd2
e5 10.a3 b6 11.b4 Nb7 12.Bb2 Ng4 13.e4 f5 14.exf5 gxf5 15.Qc2 Bd7 16.Rac1 cxb4
17.axb4 a5 18.bxa5 Nxa5 19.Nb5 Bxb5 20.cxb5 Qd7 {#d} 1/2-1/2

[Event "Ch Poland"]
[Site "masterchessopen.com Zielona Gora (Poland)"]
[Round "9"]
[White "Doda Zbigniew (POL)"]
[Black "Pytel Krzysztof (FRA)"]
[Result "1/2-1/2"]
[WhiteElo "2410"]
[BlackElo "2405"]

1.Nf3 g6 2.g3 Bg7 3.Bg2 Nf6 4.c4 O-O 5.O-O d6 6.d4 c5 7.Nc3 Nc6 8.d5 Na5 9.Nd2
a6 10.Qc2 Rb8 11.b3 b5 12.Bb2 e5 13.dxe6 fxe6 14.cxb5 axb5 15.Rad1 d5 16.a4
Bd7 17.Nxb5 Bxb5 18.axb5 Rxb5 19.b4 cxb4 20.Qa4 Qe8 21.Rc1 Nb7 {#d} 1/2-1/2

[Event "It (cat.14)"]
[Site "masterchessopen.com Bugojno (Bosnia & Herzegovina)"]
[Round "0"]
[White "Vukic Milan (BIH)"]
[Black "Bukic Enver (SLO)"]
[Result "1/2-1/2"]
[WhiteElo "2480"]
[BlackElo "2500"]

1.d4 Nf6 2.Nf3 g6 3.g3 Bg7 4.Bg2 O-O 5.O-O d6 6.c4 c5 7.Nc3 Nc6 8.d5 Na5 9.Nd2
e5 10.e4 Ne8 11.b3 a6 12.Bb2 Rb8 13.Qc2 f5 14.exf5 gxf5 15.Rae1 b5 16.Nd1 Rb7
17.f4 e4 18.Bxg7 Rxg7 19.Qc3 b4 20.Qa1 Qf6 21.Ne3 {#d} 1/2-1/2

[Event "Ch Sweden"]
[Site "masterchessopen.com Sweden"]
[Round "0"]
[White "Ornstein Axel (SWE)"]
[Black "Cramling Dan (SWE)"]
[Result "1-0"]
[WhiteElo "2425"]
[BlackElo "2392"]

1.c4 g6 2.d4 Bg7 3.g3 Nf6 4.Bg2 O-O 5.Nc3 d6 6.Nf3 c5 7.O-O Nc6 8.d5 Na5 9.Nd2
a6 10.Qc2 Rb8 11.b3 b5 12.Bb2 bxc4 13.bxc4 Bh6 14.f4 e5 15.dxe6 fxe6 16.Nce4
Nxe4 17.Nxe4 d5 18.Be5 Rb4 19.cxd5 Nc4 20.a3 Nxe5 21.axb4 exd5 22.Nxc5 Ng4
23.Qb3 Bg7 24.Rad1 {#r} 1-0

[Event "Ch Yugoslavia"]
[Site "masterchessopen.com Belgrade (Yugoslavia)"]
[Date "1978.01.23"]
[Round "4"]
[White "Vukic Milan (BIH)"]
[Black "Bukic Enver (SLO)"]
[Result "1/2-1/2"]
[WhiteElo "2480"]
[BlackElo "2500"]

1.d4 Nf6 2.c4 g6 3.Nf3 Bg7 4.g3 O-O 5.Bg2 c5 6.Nc3 d6 7.O-O Nc6 8.d5 Na5 9.Nd2
e5 10.e4 Ne8 11.b3 a6 12.Bb2 Rb8 13.Qc2 b5 14.Rae1 f5 15.exf5 gxf5 16.Nd1 Rb7
17.f4 e4 18.Bxg7 Rxg7 19.Qc3 b4 20.Qa1 Nb7 21.Ne3 h5 22.Rf2 Qf6 {#d} 1/2-1/2

[Event "It"]
[Site "masterchessopen.com Bogota (Colombia)"]
[Round "11"]
[White "Minaya Juan (COL)"]
[Black "Rodriguez Amador (ESP)"]
[Result "0-1"]
[WhiteElo "2207"]
[BlackElo "2465"]

1.Nf3 Nf6 2.g3 g6 3.Bg2 Bg7 4.O-O O-O 5.c4 c5 6.d4 Nc6 7.Nc3 d6 8.d5 Na5 9.Nd2
e5 10.dxe6 Bxe6 11.Qc2 Nc6 12.Rd1 Re8 13.b3 d5 14.cxd5 Nxd5 15.Bb2 Nd4 16.Qd3
Nxc3 17.Bxc3 Bg4 18.Ne4 Nxe2+ 19.Qxe2 Bxe2 {#R} 0-1

[Event "?"]
[Site "masterchessopen.com Bogota (Colombia)"]
[Round "0"]
[White "Garcia Luis E (COL)"]
[Black "Martinez Carlos Alejandro (BRA)"]
[Result "1/2-1/2"]
[WhiteElo "2192"]
[BlackElo "2501"]

1.c4 Nf6 2.Nc3 c5 3.g3 Nc6 4.Bg2 g6 5.Nf3 Bg7 6.O-O O-O 7.d4 d6 8.d5 Na5 9.Nd2
a6 10.Qc2 e5 11.b3 Rb8 12.Bb2 b5 {#d} 1/2-1/2

[Event "Ch Australia"]
[Site "masterchessopen.com Adelaide (Australia)"]
[Date "1980.01.11"]
[Round "13"]
[White "Johansen Darryl K (AUS)"]
[Black "Curtis John (AUS)"]
[Result "1/2-1/2"]
[WhiteElo "2408"]
[BlackElo "2292"]

1.d4 Nf6 2.c4 c5 3.Nf3 g6 4.Nc3 Bg7 5.g3 O-O 6.Bg2 d6 7.O-O Nc6 8.d5 Na5 9.Nd2
Bd7 10.Qc2 a6 11.b3 b5 12.Bb2 {#d} 1/2-1/2

[Event "It"]
[Site "masterchessopen.com Zemun (Yugoslavia)"]
[Date "1980.06.16"]
[Round "15"]
[White "Vukic Milan (BIH)"]
[Black "Tringov Georgi P (BUL)"]
[Result "1/2-1/2"]
[WhiteElo "2460"]
[BlackElo "2455"]

1.d4 Nf6 2.c4 g6 3.Nf3 Bg7 4.g3 O-O 5.Bg2 d6 6.O-O c5 7.Nc3 Nc6 8.d5 Na5 9.Nd2
e5 10.Qc2 a6 11.b3 Rb8 12.Bb2 b5 13.Rae1 Ne8 14.e4 f5 15.exf5 gxf5 16.Nd1 Rb7
17.Bc3 b4 18.Bb2 Rbf7 19.f4 e4 20.Bxg7 Rxg7 21.Qb2 Nb7 22.Nxe4 h5 23.Kf2 a5
24.Rh1 a4 {#d} 1/2-1/2

[Event "Ch World (juniors) (under 16)"]
[Site "masterchessopen.com Embalse"]
[Round "5"]
[White "Kekki Petri (FIN)"]
[Black "Matamoros Franco Carlos S (ECU)"]
[Result "1/2-1/2"]
[WhiteElo "2335"]
[BlackElo "2555"]

1.d4 Nf6 2.c4 g6 3.g3 c5 4.Nf3 Bg7 5.Bg2 O-O 6.O-O d6 7.Nc3 Nc6 8.d5 Na5 9.Qd3
Rb8 10.Nd2 a6 11.a4 e6 12.Rb1 exd5 13.Nxd5 Nc6 14.Nxf6+ Qxf6 15.Ne4 Qd4
16.Nxd6 Be6 17.Bf4 Rfd8 18.Nxb7 Qxd3 19.exd3 Rxb7 20.Bxc6 Rxb2 21.Rxb2 Bxb2
22.Rb1 Bf6 23.Rb8 Rxb8 24.Bxb8 Bf5 25.Bb7 a5 26.Ba6 {#d} 1/2-1/2

[Event "It"]
[Site "masterchessopen.com Ljubljana (Slovenia)"]
[Round "0"]
[White "Steiner Darko (SLO)"]
[Black "Polajzer Danilo (SLO)"]
[Result "1/2-1/2"]
[WhiteElo "2325"]
[BlackElo "2315"]

1.Nf3 Nf6 2.g3 g6 3.Bg2 Bg7 4.O-O O-O 5.c4 d6 6.Nc3 c5 7.d4 Nc6 8.d5 Na5 9.Nd2
e5 10.e4 Ne8 11.f4 f5 12.Qe2 Nf6 13.fxe5 dxe5 14.Nb3 Nxb3 15.axb3 Bd7 16.Be3
b6 17.Bh3 Ne8 18.Qd2 Nd6 19.Rae1 Rf7 20.Bg2 Qf8 21.Re2 h6 22.Ref2 Kh7 23.Qc2
Kg8 24.Qc1 Kh7 25.Qc2 {#d} 1/2-1/2

[Event "Ch Great Britain"]
[Site "masterchessopen.com Morecambe (England)"]
[Round "10"]
[White "Norman Kenneth I (ENG)"]
[Black "Hebden Mark (ENG)"]
[Result "0-1"]
[WhiteElo "2160"]
[BlackElo "2506"]

1.Nf3 Nf6 2.c4 g6 3.d4 Bg7 4.g3 O-O 5.Bg2 c5 6.O-O d6 7.Nc3 Nc6 8.d5 Na5 9.Nd2
a6 10.Qc2 Rb8 11.b3 e5 12.dxe6 Bxe6 13.Bb2 b5 14.cxb5 axb5 15.Nde4 Bf5
16.Nxf6+ Qxf6 17.e4 Be6 18.Rad1 Nc6 19.e5 Nxe5 20.Rxd6 Bxb3 21.Rxf6 Bxc2
22.Ra6 Bd3 {#R} 0-1

[Event "Zt (cat.10)"]
[Site "masterchessopen.com Baile Herculane (Romania)"]
[Round "0"]
[White "Lukacs Peter (HUN)"]
[Black "Pinter Jozsef (HUN)"]
[Result "1/2-1/2"]
[WhiteElo "2485"]
[BlackElo "2550"]

1.Nf3 Nf6 2.g3 g6 3.Bg2 Bg7 4.O-O O-O 5.c4 c5 6.Nc3 Nc6 7.d4 d6 8.d5 Na5 9.Nd2
a6 10.Qc2 Rb8 11.b3 b5 12.Bb2 bxc4 13.bxc4 Bh6 {#d} 1/2-1/2

[Event "It"]
[Site "masterchessopen.com Budapest (Hungary)"]
[Round "6"]
[White "Burger Karl (USA)"]
[Black "Marosi Gyorgy (HUN)"]
[Result "1/2-1/2"]
[WhiteElo "2385"]
[BlackElo "2239"]

1.c4 c5 2.Nf3 Nf6 3.g3 g6 4.Bg2 Bg7 5.Nc3 Nc6 6.d4 O-O 7.O-O d6 8.d5 Na5 9.Nd2
e5 10.a3 b6 11.b4 Nb7 12.h3 Ne8 13.Bb2 Bd7 14.e3 f5 15.Ne2 Qe7 {#d} 1/2-1/2

[Event "Memorial J.Capablanca (a)"]
[Site "masterchessopen.com Habana (Cuba)"]
[Round "0"]
[White "Palacios Antonio (VEN)"]
[Black "Alzate Dario (COL)"]
[Result "1/2-1/2"]
[WhiteElo "2345"]
[BlackElo "2350"]

1.c4 Nf6 2.Nc3 g6 3.g3 Bg7 4.Bg2 O-O 5.Nf3 c5 6.d4 Nc6 7.O-O d6 8.d5 Na5 9.Nd2
a6 10.Qc2 Rb8 11.b3 b5 12.Rb1 e5 13.Bb2 bxc4 14.bxc4 Bh6 15.e3 Bf5 16.Nce4
Nxe4 17.Bxe4 Bxe4 18.Qxe4 Qd7 19.Qc2 Rb4 20.Bc3 Ra4 21.Bxa5 Rxa5 22.Rb6 f5
23.Rc6 {#d} 1/2-1/2

[Event "Ch Brazil"]
[Site "masterchessopen.com Sao Paulo (Brazil)"]
[Round "7"]
[White "Menna Barreto Luiz Ney (BRA)"]
[Black "Braga Cicero (BRA)"]
[Result "1/2-1/2"]
[WhiteElo "2316"]
[BlackElo "2416"]

1.d4 Nf6 2.c4 g6 3.g3 Bg7 4.Bg2 O-O 5.Nc3 d6 6.Nf3 c5 7.O-O Nc6 8.d5 Na5 9.Nd2
a6 10.Qc2 Rb8 11.b3 b5 12.Bb2 bxc4 13.bxc4 Bh6 14.f4 e5 15.Rae1 exf4 16.gxf4
Nh5 17.e3 Bg7 18.Nd1 Bxb2 19.Nxb2 Bf5 20.e4 Qf6 21.Nd3 Qd4+ {#d} 1/2-1/2

[Event "?"]
[Site "masterchessopen.com Tuzla (Bosnia & Herzegovina)"]
[Round "0"]
[White "Vukic Milan (BIH)"]
[Black "Hulak Krunoslav (CRO)"]
[Result "1/2-1/2"]
[WhiteElo "2470"]
[BlackElo "2530"]

1.Nf3 Nf6 2.c4 c5 3.g3 g6 4.Bg2 Bg7 5.O-O O-O 6.Nc3 Nc6 7.d4 d6 8.d5 Na5 9.Nd2
e5 10.e4 Ng4 11.b3 f5 12.h3 Nh6 13.exf5 gxf5 14.Bb2 Bd7 15.Qc2 Qg5 16.Rae1 a6
17.Nd1 b5 {#d} 1/2-1/2

[Event "Bundesliga (2nd) West 1984/85"]
[Site "masterchessopen.com Germany"]
[Round "9"]
[White "Hofmann Martin (GER)"]
[Black "Tamm Ulrich Dr (GER)"]
[Result "1/2-1/2"]
[WhiteElo "2188"]
[BlackElo "2173"]

1.c4 Nf6 2.Nc3 c5 3.Nf3 g6 4.g3 Bg7 5.Bg2 O-O 6.O-O Nc6 7.d4 d6 8.d5 Na5 9.Nd2
e6 10.Qc2 Re8 11.e4 exd5 12.cxd5 b6 13.Re1 Ba6 14.Nf3 Nd7 15.b3 Ne5 16.Nxe5
Bxe5 17.Bb2 {#d} 1/2-1/2

[Event "It (cat.8)"]
[Site "masterchessopen.com Trnava (Slovakia)"]
[Round "0"]
[White "Stohl Igor (SVK)"]
[Black "Lanc Alois (SVK)"]
[Result "1-0"]
[WhiteElo "2405"]
[BlackElo "2410"]

1.Nf3 Nf6 2.d4 g6 3.c4 Bg7 4.g3 O-O 5.Bg2 c5 6.O-O Nc6 7.Nc3 d6 8.d5 Na5 9.Nd2
e5 10.b3 Ng4 11.e4 f5 12.exf5 gxf5 13.Bb2 e4 14.h3 Ne5 15.Rb1 b6 16.Ne2 Bh6
17.f3 Be3+ 18.Kh1 Nd3 19.fxe4 Nxb2 20.Rxb2 Qf6 21.Rc2 Qh6 22.Nf4 Bd7 23.Ne6
fxe4 24.Nxe4 Nb7 25.Nxf8 {#r} 1-0

[Event "Ch Baden-Wuerttemberg"]
[Site "masterchessopen.com Stuttgart (Germany)"]
[Round "7"]
[White "Weber Siegfried (GER)"]
[Black "Hoerrmann Klaus"]
[Result "1/2-1/2"]
[WhiteElo "2289"]
[BlackElo "2200"]

1.Nf3 g6 2.d4 Nf6 3.c4 c5 4.Nc3 Bg7 5.g3 O-O 6.Bg2 d6 7.O-O Nc6 8.d5 Na5 9.Nd2
a6 10.Qc2 Rb8 11.b3 b5 12.Bb2 e5 13.dxe6 Bxe6 14.cxb5 axb5 15.Rfd1 Bf5 16.Nce4
Re8 17.Qc3 Nh5 18.Qc1 Nf6 19.Qc3 Nh5 20.Qc1 Nf6 21.Qc3 {#d} 1/2-1/2

[Event "It (open)"]
[Site "masterchessopen.com Balatonbereny (Hungary)"]
[Round "6"]
[White "Hradeczky Tamas (HUN)"]
[Black "Heim Bernhard (GER)"]
[Result "1-0"]
[WhiteElo "2216"]
[BlackElo "2195"]

1.d4 Nf6 2.Nf3 g6 3.c4 Bg7 4.Nc3 O-O 5.g3 d6 6.Bg2 c5 7.O-O Nc6 8.d5 Na5 9.Nd2
a6 10.Qc2 Rb8 11.b3 b5 12.Bb2 e6 13.cxb5 axb5 14.dxe6 fxe6 15.Nde4 Qe7 16.f4
Ng4 17.Nd1 Bxb2 18.Qxb2 d5 19.Nef2 Nf6 20.Ne3 Nc6 21.Neg4 Nxg4 22.Nxg4 Bb7
23.Nh6# 1-0

[Event "?"]
[Site "masterchessopen.com BRD"]
[Round "0"]
[White "Mencinger Vojko (SLO)"]
[Black "Supancic Darko (SLO)"]
[Result "1/2-1/2"]
[WhiteElo "2385"]
[BlackElo "2368"]

1.d4 Nf6 2.Nf3 g6 3.g3 Bg7 4.Bg2 O-O 5.O-O d6 6.c4 c5 7.Nc3 Nc6 8.d5 Na5 9.Nd2
a6 10.Rb1 Rb8 11.a3 Qc7 12.Qc2 Bd7 13.Nd1 b5 14.cxb5 Bxb5 15.b4 Nb7 16.Re1
Rfc8 17.Ne3 Qd8 18.Qa2 cxb4 19.axb4 a5 {#d} 1/2-1/2

[Event "?"]
[Site "masterchessopen.com Vrnjacka Banja (Serbia)"]
[Round "0"]
[White "Rajkovic Dusan (SRB)"]
[Black "Barlov Dragan (SRB)"]
[Result "1/2-1/2"]
[WhiteElo "2480"]
[BlackElo "2555"]

1.c4 c5 2.Nf3 Nf6 3.g3 g6 4.Bg2 Bg7 5.O-O O-O 6.d4 d6 7.Nc3 Nc6 8.d5 Na5 9.Nd2
a6 10.Qc2 Rb8 11.b3 b5 {#d} 1/2-1/2

[Event "It \"]
[Site "masterchessopen.com Philadelphia (USA)"]
[Round "0"]
[White "Martinovsky Eugene (USA)"]
[Black "Schroer Jonathan (USA)"]
[Result "0-1"]
[WhiteElo "2299"]
[BlackElo "2359"]

1.d4 Nf6 2.Nf3 g6 3.g3 Bg7 4.Bg2 c5 5.O-O O-O 6.c4 d6 7.Nc3 Nc6 8.d5 Na5 9.Nd2
a6 10.a3 Qc7 11.Qc2 Rb8 12.Rb1 Bd7 13.b3 b5 14.Bb2 h5 15.Nce4 Rfe8 16.Nxf6+
exf6 17.Be4 Bh3 18.Rfe1 h4 19.gxh4 Qd7 20.Bf3 bxc4 21.bxc4 Bg4 22.Kh1 Bxf3+
23.Nxf3 Qg4 24.Rec1 Qe4 25.Qc3 Nb3 26.Rg1 Nd4 {#R} 0-1

[Event "It (open)"]
[Site "masterchessopen.com Belgrade (Yugoslavia)"]
[Round "5"]
[White "Stankovac Dusan (SRB)"]
[Black "Milanovic Vojislav (SRB)"]
[Result "0-1"]
[WhiteElo "2230"]
[BlackElo "2293"]

1.Nf3 Nf6 2.c4 g6 3.Nc3 Bg7 4.g3 c5 5.Bg2 O-O 6.O-O Nc6 7.d4 d6 8.d5 Na5 9.Nd2
a6 10.Qc2 Rb8 11.b3 b5 12.Bb2 bxc4 13.bxc4 e5 14.Rab1 Bh6 15.f4 exf4 16.Nce4
Rxb2 17.Rxb2 Ng4 18.gxf4 Bg7 19.Rbb1 Bd4+ 20.Kh1 Nxh2 21.Nf3 Nxf3 22.exf3 {#R}
0-1

[Event "Bundesliga 1989/90"]
[Site "masterchessopen.com Germany"]
[Round "0"]
[White "Winkeler Uwe (GER)"]
[Black "Buscher Michael (GER)"]
[Result "1/2-1/2"]
[WhiteElo "2244"]
[BlackElo "2344"]

1.d4 Nf6 2.Nf3 g6 3.g3 Bg7 4.Bg2 O-O 5.c4 d6 6.O-O c5 7.Nc3 Nc6 8.d5 Na5 9.Nd2
a6 10.a3 Qc7 11.e4 Rb8 12.Qe2 Nd7 13.Rb1 Qb6 14.Na4 Qc7 15.Nc3 {#d} 1/2-1/2

[Event "Ch BRD (juniors) (open)"]
[Site "masterchessopen.com Trier (Germany)"]
[Round "5"]
[White "Groenn Atle (NOR)"]
[Black "Bezold Michael (GER)"]
[Result "1/2-1/2"]
[WhiteElo "2378"]
[BlackElo "2523"]

1.Nf3 Nf6 2.c4 c5 3.g3 g6 4.Bg2 Bg7 5.Nc3 O-O 6.O-O Nc6 7.d4 d6 8.d5 Na5 9.Nd2
a6 10.Qc2 Rb8 11.b3 b5 12.Bb2 Bh6 13.f4 bxc4 14.bxc4 Ng4 15.Nd1 Rxb2 16.Qxb2
Bg7 17.Qc1 Bd4+ 18.Kh1 Bxa1 19.Qxa1 Bd7 20.h3 Nf6 {#d} 1/2-1/2

[Event "It"]
[Site "masterchessopen.com Belgrade (Yugoslavia)"]
[Round "0"]
[White "Kapetanovic Armin (BIH)"]
[Black "Todorovic Goran N (SRB)"]
[Result "1-0"]
[WhiteElo "2449"]
[BlackElo "2396"]

1.d4 Nf6 2.Nf3 g6 3.g3 Bg7 4.Bg2 c5 5.O-O O-O 6.c4 d6 7.Nc3 Nc6 8.d5 Na5 9.Nd2
e5 10.Qc2 Ng4 11.h3 Nh6 12.b3 f5 13.Bb2 Qe7 14.e3 e4 15.Rae1 Nf7 16.f4 exf3
17.Nxf3 Ne5 18.Ne2 Nxf3+ 19.Rxf3 Bxb2 20.Qxb2 Bd7 21.Qd2 b6 22.Nf4 Rae8 23.e4
g5 24.Ne6 Bxe6 25.exf5 {#r} 1-0

[Event "It (open)"]
[Site "masterchessopen.com Pfalz (Germany)"]
[Round "0"]
[White "Bilitza Alwin"]
[Black "Bahr Peter (GER)"]
[Result "1/2-1/2"]
[WhiteElo "1915"]
[BlackElo "1909"]

1.c4 Nf6 2.Nc3 g6 3.g3 Bg7 4.Bg2 O-O 5.Nf3 c5 6.O-O Nc6 7.d4 d6 8.d5 Nb4 9.a3
Na6 10.Re1 Bg4 11.h3 Bxf3 12.Bxf3 Nd7 13.Qc2 Ne5 14.b3 Nxf3+ 15.exf3 Qd7
16.Kg2 Nc7 17.Bb2 Rfe8 18.Ne4 f6 19.Qc3 b5 20.Rad1 bxc4 21.bxc4 Rab8 22.Ba1
Rb6 23.Ng5 Reb8 24.Ne6 Rb3 25.Qa5 Nxe6 26.Rxe6 {#d} 1/2-1/2

[Event "Cup Yugoslavia"]
[Site "masterchessopen.com Pula (Croatia)"]
[Round "2"]
[White "Laketic Gojko (SRB)"]
[Black "Cigan Stefan (SLO)"]
[Result "1/2-1/2"]
[WhiteElo "2443"]
[BlackElo "2343"]

1.d4 Nf6 2.Nf3 g6 3.g3 Bg7 4.Bg2 O-O 5.O-O d6 6.c4 c5 7.Nc3 Nc6 8.d5 Na5 9.Nd2
e5 10.a3 b6 11.b4 Nb7 12.Nb3 Ng4 13.bxc5 bxc5 {#d} 1/2-1/2

[Event "It \"]
[Site "masterchessopen.com Budapest (Hungary)"]
[Round "0"]
[White "Loginov Valery A (RUS)"]
[Black "Baburin Alexander (IRL)"]
[Result "1/2-1/2"]
[WhiteElo "2486"]
[BlackElo "2535"]

1.Nf3 Nf6 2.g3 g6 3.Bg2 Bg7 4.O-O O-O 5.c4 c5 6.Nc3 Nc6 7.d4 d6 8.d5 Na5 9.Nd2
e5 10.a3 b6 11.b4 Nb7 12.Rb1 Ng4 13.h3 Nh6 14.Nde4 {#d} 1/2-1/2